[Event "HUN-ch U18"]
[Site "Balatonlelle"]
[Date "2013.06.26"]
[Round "6"]
[White "Hajas, Tamas"]
[Black "Grimm, Daniel"]
[Result "0-1"]
[WhiteElo "1960"]
[BlackElo "2275"]
[PlyCount "50"]
[EventDate "2013.??.??"]
[EventType "tourn"]
[EventRounds "9"]
[EventCountry "HUN"]
[SourceTitle "EXT 2014"]
[Source "ChessBase"]
[SourceDate "2013.11.20"]
[SourceVersion "1"]
[SourceVersionDate "2013.11.20"]
[SourceQuality "1"]

1. e4 d6 2. d4 Nf6 3. Nc3 Nbd7 4. Be3 e5 5. f3 Be7 6. Qd2 c6 7. 0-0-0 b5 8. g4 Nb6 9. b3 Qc7 10. Nge2 b4 11. Nb1 a5 12. Ng3 g6 13. c4 bxc3 14. Qxc3 a4 15. b4 Be6 16. a3 Bb3 17. Re1 h5 18. gxh5 Nxh5 19. Nxh5 Rxh5 20. Nd2 exd4 21. Bxd4 c5 22. Kb2 Be6 23. Rc1 Qd8 24. Bg7 f6 25. Nc4 Kf7 0-1

[Event "HUN-ch U18"]
[Site "Balatonlelle"]
[Date "2013.06.24"]
[Round "4"]
[White "Hajas, Tamas"]
[Black "Nemeth, Gergely"]
[Result "0-1"]
[WhiteElo "1960"]
[BlackElo "1987"]
[PlyCount "78"]
[EventDate "2013.??.??"]
[EventType "tourn"]
[EventRounds "9"]
[EventCountry "HUN"]
[SourceTitle "EXT 2014"]
[Source "ChessBase"]
[SourceDate "2013.11.20"]
[SourceVersion "1"]
[SourceVersionDate "2013.11.20"]
[SourceQuality "1"]

1. e4 e6 2. d4 d5 3. Nc3 Nf6 4. Bg5 Be7 5. e5 Nfd7 6. Bxe7 Qxe7 7. f4 a6 8. Nf3 c5 9. dxc5 Nc6 10. Qd2 Nxc5 11. Bd3 b5 12. Ne2 0-0 13. Ned4 Nxd4 14. Nxd4 Bd7 15. 0-0 Rfe8 16. Rae1 Na4 17. b3 Qc5 18. Kh1 Nc3 19. Re3 b4 20. f5 Qxd4 21. f6 Kf8 22. fxg7+ Ke7 23. Rxf7+ Kxf7 24. Bg6+ hxg6 25. Qxd4 Kxg7 26. Qc5 Rf8 27. Rf3 Rxf3 28. gxf3 Rf8 29. Qxb4 Ne2 30. Qd2 Nf4 31. a4 Bc6 32. h4 d4 33. Qxd4 Bxf3+ 34. Kh2 g5 35. Qa7+ Rf7 36. Qxa6 g4 37. h5 Ne2 38. Qxe6 g3+ 39. Kh3 Nf4+ 0-1

[Event "HUN-ch U18"]
[Site "Balatonlelle"]
[Date "2013.06.21"]
[Round "1"]
[White "Hajas, Tamas"]
[Black "Markos, Adam"]
[Result "0-1"]
[WhiteElo "1960"]
[BlackElo "2073"]
[PlyCount "72"]
[EventDate "2013.??.??"]
[EventType "tourn"]
[EventRounds "9"]
[EventCountry "HUN"]
[SourceTitle "EXT 2014"]
[Source "ChessBase"]
[SourceDate "2013.11.20"]
[SourceVersion "1"]
[SourceVersionDate "2013.11.20"]
[SourceQuality "1"]

1. e4 d6 2. d4 Nf6 3. Nc3 c6 4. f3 Nbd7 5. Be3 b5 6. a3 a6 7. Nge2 Nb6 8. Ng3 Qc7 9. Qd2 e5 10. Rd1 Be7 11. Be2 Be6 12. 0-0 Nc4 13. Bxc4 Bxc4 14. Rf2 Be6 15. d5 cxd5 16. exd5 Bd7 17. Nce4 h5 18. Nxf6+ gxf6 19. f4 h4 20. Ne2 Rc8 21. Nc3 Qc4 22. fxe5 fxe5 23. Bg5 Qg4 24. Bxe7 Kxe7 25. Rdf1 f5 26. Nd1 f4 27. Re2 Rcf8 28. Nf2 Qg6 29. Nd3 f3 30. Ref2 fxg2 31. Rxg2 Rxf1+ 32. Kxf1 Bh3 33. Qe3 Qxg2+ 34. Ke1 Rf8 35. Kd1 Rf1+ 36. Ne1 Qg4+ 0-1

[Event "HUN-chT U18"]
[Site "Miskolc"]
[Date "2011.11.05"]
[Round "7.4"]
[White "Palla, Akos Botond"]
[Black "Hajas, Tamas"]
[Result "1/2-1/2"]
[WhiteElo "1928"]
[BlackElo "1885"]
[PlyCount "90"]
[EventDate "2011.11.02"]
[EventType "team-swiss"]
[EventRounds "8"]
[EventCountry "HUN"]
[SourceTitle "EXT 2012"]
[Source "ChessBase"]
[SourceDate "2011.11.24"]
[SourceVersion "1"]
[SourceVersionDate "2011.11.24"]
[SourceQuality "1"]
[WhiteTeam "Sarkany"]
[BlackTeam "Tungsram"]
[WhiteTeamCountry "HUN"]
[BlackTeamCountry "HUN"]

1. e4 c6 2. d4 d5 3. e5 Bf5 4. Nf3 e6 5. Be2 Nd7 6. 0-0 Ne7 7. Nbd2 h6 8. Nb3 Qc7 9. a4 Bh7 10. Ne1 Nf5 11. Nd3 a6 12. g4 Nh4 13. Be3 c5 14. Nbxc5 Bxc5 15. Nxc5 Nxc5 16. dxc5 Qxe5 17. Bd4 Qg5 18. f4 Qg6 19. Bd3 f5 20. Bf2 Qf6 21. Bxh4 Qxh4 22. gxf5 exf5 23. Qe2+ Kf7 24. Qe5 Qd8 25. Rae1 Qd7 26. Qd4 Rad8 27. Re5 Rhe8 28. Rxd5 Qe7 29. Bc4 Kf8 30. Rd1 Rxd5 31. Bxd5 Bg8 32. Bf3 Rc8 33. Qd6 Rxc5 34. Qd8+ Qe8 35. Bxb7 Rxc2 36. Bxa6 Bc4 37. Bxc4 Rxc4 38. b3 Rb4 39. Qxe8+ Kxe8 40. Rb1 Kd7 41. Kg2 Rxf4 42. b4 Kc7 43. a5 Kb7 44. Kg3 Re4 45. h3 g5 1/2-1/2

[Event "HUN-ch U16"]
[Site "Celldoemoelk"]
[Date "2011.06.28"]
[Round "2"]
[White "Pinczker, Oliver"]
[Black "Hajas, Tamas"]
[Result "0-1"]
[WhiteElo "1592"]
[BlackElo "1858"]
[PlyCount "72"]
[EventDate "2011.06.27"]
[EventType "swiss"]
[EventRounds "7"]
[EventCountry "HUN"]
[SourceTitle "EXT 2012"]
[Source "ChessBase"]
[SourceDate "2011.11.24"]
[SourceVersion "1"]
[SourceVersionDate "2011.11.24"]
[SourceQuality "1"]

1. d4 d5 2. c4 c6 3. Nc3 Nf6 4. e3 e6 5. Nf3 Nbd7 6. Bd3 dxc4 7. Bxc4 b5 8. Bd3 a6 9. a3 c5 10. 0-0 Bb7 11. dxc5 Bxc5 12. b4 Bb6 13. Bb2 0-0 14. Ng5 Ne5 15. Nxh7 Qxd3 16. Nxf6+ gxf6 17. Qh5 Qg6 18. Qxg6+ fxg6 19. Rfd1 Nc4 20. Rab1 Rad8 21. Re1 Rf7 22. Ne2 Nxb2 23. Rxb2 Rfd7 24. Rbb1 Kf7 25. h4 Rd2 26. Kh2 Rh8 27. g3 Bf3 28. Rbd1 Rxd1 29. Rxd1 Bxe2 30. Rd7+ Ke8 31. Rd6 Bc7 32. Rxe6+ Kf7 33. Rxa6 Rxh4+ 34. Kg1 Rc4 35. a4 Bf3 36. g4 Rc1# 0-1

[Event "HUN-ch U14"]
[Site "Budapest"]
[Date "2010.06.29"]
[Round "4"]
[White "Grimm, Gyorgy"]
[Black "Hajas, Tamas"]
[Result "1/2-1/2"]
[WhiteElo "1689"]
[BlackElo "1809"]
[PlyCount "69"]
[EventDate "2010.06.26"]
[EventType "swiss"]
[EventRounds "9"]
[EventCountry "HUN"]
[SourceTitle "CBM 137 Extra"]
[Source "ChessBase"]
[SourceDate "2010.09.01"]
[SourceVersion "1"]
[SourceVersionDate "2010.09.01"]
[SourceQuality "1"]

1. e4 c6 2. d4 d5 3. Nd2 dxe4 4. Nxe4 Bf5 5. Ng3 Bg6 6. Nf3 Nd7 7. c3 Qc7 8. Bc4 0-0-0 9. Qb3 e6 10. 0-0 Nb6 11. Ne5 Nf6 12. Bf4 Bd6 13. Nxg6 hxg6 14. Bxd6 Qxd6 15. Rfe1 Nxc4 16. Qxc4 Nh5 17. Ne4 Qc7 18. Re3 Nf6 19. h3 Rd5 20. Nxf6 gxf6 21. Qe2 Qd6 22. Re1 Rdh5 23. Qg4 Kd7 24. Qg3 Qe7 25. Qf3 f5 26. d5 Rc8 27. Qd1 cxd5 28. Qxd5+ Kc7 29. Qe5+ Qd6 30. Qxd6+ Kxd6 31. Rd1+ Ke7 32. Red3 Rc7 33. f3 Rh4 34. R1d2 Ra4 35. a3 1/2-1/2

[Event "HUN-chT2 Charousek 0910"]
[Site "Hungary"]
[Date "2010.04.18"]
[Round "10"]
[White "Hajas, Tamas"]
[Black "Fuad Kamel Jamaliah, Natalie"]
[Result "1/2-1/2"]
[WhiteElo "1779"]
[BlackElo "1947"]
[PlyCount "109"]
[EventDate "2009.11.08"]
[EventType "team-tourn"]
[EventRounds "11"]
[EventCountry "HUN"]
[SourceTitle "EXT 2011"]
[Source "ChessBase"]
[SourceDate "2010.11.26"]
[SourceVersion "1"]
[SourceVersionDate "2010.11.26"]
[SourceQuality "1"]
[WhiteTeam "Aquaprofit II"]
[BlackTeam "Hobagoly"]
[WhiteTeamCountry "HUN"]
[BlackTeamCountry "HUN"]

1. e4 c5 2. Nf3 e6 3. d4 cxd4 4. Nxd4 Nf6 5. Nc3 d6 6. Be2 Be7 7. 0-0 a6 8. f4 Qc7 9. Kh1 Nc6 10. Be3 0-0 11. Bf3 Bd7 12. a4 Rab8 13. Qe2 Na5 14. g4 Nc4 15. g5 Ne8 16. Bc1 Bd8 17. b3 Ne5 18. Bb2 Nxf3 19. Rxf3 Qc5 20. Rd3 b5 21. axb5 axb5 22. Rad1 Ba5 23. Qh5 g6 24. Qh4 f5 25. Kg2 Bc8 26. exf5 exf5 27. Nf3 Bb7 28. Qe1 Be4 29. Re3 Qc6 30. Qe2 d5 31. Kg3 Nd6 32. Ne5 Qb7 33. Rd4 Bb6 34. Qd2 Nf7 35. Rexe4 fxe4 36. Rxd5 Nxe5 37. Rxe5 Rbd8 38. Qe2 Bc7 39. Rxe4 Qb8 40. Qg4 Qb6 41. Ne2 Rd2 42. Bd4 Qc6 43. Re7 Bxf4+ 44. Nxf4 Rxd4 45. Rg7+ Kxg7 46. Ne6+ Kg8 47. Nxd4 Qc3+ 48. Nf3 Qe3 49. h3 Rf5 50. h4 Kg7 51. Qd4+ Qxd4 52. Nxd4 Rd5 53. Nf3 Kf7 54. Kf4 Ke6 55. Ke4 1/2-1/2

[Event "HUN-chT U18"]
[Site "Miskolc"]
[Date "2009.10.29"]
[Round "7.8"]
[White "Hajas, Tamas"]
[Black "Molnar Saska, Zoltan"]
[Result "1/2-1/2"]
[WhiteElo "1779"]
[BlackElo "1722"]
[PlyCount "88"]
[EventDate "2009.10.26"]
[EventType "team-swiss"]
[EventRounds "8"]
[EventCountry "HUN"]
[SourceTitle "EXT 2016"]
[Source "ChessBase"]
[SourceDate "2015.10.08"]
[SourceVersion "1"]
[SourceVersionDate "2015.10.08"]
[SourceQuality "1"]

1. e4 c5 2. Nf3 e6 3. d4 cxd4 4. Nxd4 a6 5. Bd3 Qc7 6. 0-0 Nf6 7. c4 b6 8. b3 Bb7 9. Bb2 Nxe4 10. Re1 Nf6 11. Nd2 Be7 12. N2f3 0-0 13. Nf5 d5 14. Nxe7+ Qxe7 15. cxd5 Bxd5 16. a4 Rd8 17. Ba3 Qe8 18. Bb2 Nbd7 19. Ne5 Nc5 20. Ng4 Nxg4 21. Qxg4 Qf8 22. Bc2 Bxb3 23. Bxb3 Nxb3 24. Ra3 Nc5 25. Rg3 f6 26. Qh4 Nd3 27. Bxf6 Nxe1 28. Bxg7 Qxg7 29. Rxg7+ Kxg7 30. Qg5+ Kf7 31. Qh5+ Kf6 32. Qh4+ Kg7 33. Qg5+ Kf7 34. Qh5+ Ke7 35. Qxh7+ Kd6 36. Qe4 Nxg2 37. Kxg2 Rac8 38. Qd3+ Kc7 39. Qxa6 Ra8 40. Qc4+ Kb7 41. Qe4+ Kc7 42. Qxe6 Rxa4 43. Qe7+ Rd7 44. Qe5+ Kb7 1/2-1/2

[Event "HUN-chT U18"]
[Site "Miskolc"]
[Date "2009.10.27"]
[Round "3.6"]
[White "Laza, Szabolcs"]
[Black "Hajas, Tamas"]
[Result "0-1"]
[WhiteElo "1751"]
[BlackElo "1779"]
[PlyCount "130"]
[EventDate "2009.10.26"]
[EventType "team-swiss"]
[EventRounds "8"]
[EventCountry "HUN"]
[SourceTitle "EXT 2016"]
[Source "ChessBase"]
[SourceDate "2015.10.08"]
[SourceVersion "1"]
[SourceVersionDate "2015.10.08"]
[SourceQuality "1"]

1. e4 c6 2. d4 d5 3. exd5 cxd5 4. Bd3 Nf6 5. Bf4 Bg4 6. Nf3 e6 7. Nbd2 Bd6 8. Bg3 0-0 9. 0-0 Nc6 10. c3 Re8 11. Bxd6 Qxd6 12. h3 Bh5 13. Qc2 Rac8 14. Bb5 Bg6 15. Qc1 a6 16. Bxc6 bxc6 17. Ne5 c5 18. Qd1 cxd4 19. cxd4 Qb4 20. Nxg6 hxg6 21. Nb3 Ne4 22. a3 Qb6 23. Rb1 Rb8 24. Na1 Rec8 25. Nc2 Rc4 26. b3 Rc7 27. Rb2 Rbc8 28. Re1 Rc3 29. Ne3 Rb8 30. Qe2 a5 31. f3 Ng3 32. Qf2 Nf5 33. Nxf5 gxf5 34. Qd2 Rbc8 35. Kh1 Qb5 36. Re3 Rc1+ 37. Re1 Rxe1+ 38. Qxe1 a4 39. Qb4 Qxb4 40. axb4 a3 41. Ra2 Rb8 42. Rxa3 Rxb4 43. Ra4 Rxb3 44. f4 Kh7 45. Kg1 Re3 46. Kf2 Re4 47. Kf3 Kh6 48. g4 fxg4+ 49. hxg4 g5 50. fxg5+ Kxg5 51. Ra7 Rf4+ 52. Kg3 Rxg4+ 53. Kh3 Rf4 54. Kg3 f6 55. Rg7+ Kf5 56. Rh7 Rxd4 57. Rh5+ Ke4 58. Rh6 Ke5 59. Rh5+ f5 60. Rh6 Re4 61. Kf3 d4 62. Rh8 d3 63. Rd8 Rd4 64. Ra8 d2 65. Ra5+ Kf6 0-1

[Event "HUN-ch U14"]
[Site "Balatonlelle"]
[Date "2009.07.04"]
[Round "8"]
[White "Grimm, Daniel"]
[Black "Hajas, Tamas"]
[Result "0-1"]
[WhiteElo "1500"]
[BlackElo "1767"]
[PlyCount "58"]
[EventDate "2009.06.27"]
[EventType "swiss"]
[EventRounds "9"]
[EventCountry "HUN"]
[SourceTitle "EXT 2011"]
[Source "ChessBase"]
[SourceDate "2010.11.26"]
[SourceVersion "1"]
[SourceVersionDate "2010.11.26"]
[SourceQuality "1"]

1. e4 c6 2. Ne2 d5 3. e5 Bf5 4. Ng3 Bg6 5. h4 h6 6. h5 Bh7 7. e6 fxe6 8. d4 Na6 9. Bd3 Nf6 10. Bxh7 Nxh7 11. Qd3 Qa5+ 12. Bd2 Qb5 13. Qg6+ Kd7 14. Nc3 Qc4 15. Nge2 Nc7 16. Bf4 Nf6 17. Qg3 Nb5 18. b3 Qb4 19. Qd3 Ne4 20. Bd2 Nxd2 21. Qxd2 Nxc3 22. Qxc3 Qxc3+ 23. Nxc3 g5 24. 0-0 Bg7 25. Rad1 e5 26. dxe5 Bxe5 27. Ne2 Raf8 28. c4 e6 29. cxd5 exd5 0-1

[Event "HUN-ch U14"]
[Site "Balatonlelle"]
[Date "2009.07.03"]
[Round "7"]
[White "Hajas, Tamas"]
[Black "Haszon, Abel"]
[Result "1-0"]
[WhiteElo "1767"]
[BlackElo "1731"]
[PlyCount "51"]
[EventDate "2009.06.27"]
[EventType "swiss"]
[EventRounds "9"]
[EventCountry "HUN"]
[SourceTitle "EXT 2011"]
[Source "ChessBase"]
[SourceDate "2010.11.26"]
[SourceVersion "1"]
[SourceVersionDate "2010.11.26"]
[SourceQuality "1"]

1. e4 c6 2. d4 d5 3. f3 dxe4 4. fxe4 Nf6 5. Nc3 Bg4 6. Be2 Bxe2 7. Ngxe2 e6 8. 0-0 c5 9. Bf4 cxd4 10. Nb5 Na6 11. e5 Nd5 12. Nbxd4 Bc5 13. c3 Qc7 14. Qa4+ Qd7 15. Qxd7+ Kxd7 16. Kh1 h6 17. Bg3 Ne3 18. Rxf7+ Be7 19. Rf3 Nc4 20. b3 Nd2 21. Rd3 Ne4 22. Nf5+ Ke8 23. Nxg7+ Kf7 24. Nh5 Nac5 25. Rf1+ Ke8 26. Ng7# 1-0